Normal view
MARC view
- Snider, Lesa
Entry Personal Name
001 - CONTROL NUMBER
- control field: 39438
003 - CONTROL NUMBER IDENTIFIER
- control field: OSt
005 - DATE AND TIME OF LATEST TRANSACTION
- control field: 20160225115132.0
008 - FIXED-LENGTH DATA ELEMENTS
- fixed length control field: 160225|| aca||aabn | a|a d
040 ## - CATALOGING SOURCE
- Original cataloging agency: OSt
100 1# - HEADING--PERSONAL NAME
- Personal name: Snider, Lesa
400 1# - SEE FROM TRACING--PERSONAL NAME
- Personal name: King, Lesa Snider